Trend týždenník o hospodárstve a podnikaní

Saved in:
Bibliographic Details
Format: Serial
Language:Slovak
Published: Bratislava TREND Holding 1997
Subjects:
Tags: Add Tag
No Tags, Be the first to tag this record!

MARC

LEADER 00000nas2a2200000 4500
001 s121192
005 20221220131532.0
022 |a 1335-0684 
041 0 |a slo 
044 |a SK 
245 1 0 |a Trend  |b týždenník o hospodárstve a podnikaní 
264 1 |a Bratislava  |b TREND Holding  |c 1997 
300 |a 3 zv.  |e Infotrendy č. 1-12, Top 1997 
773 0 |w eu_un_cat*s120031 
610 2 0 |a rozvoj hospodársky 
610 2 0 |a podnikanie 
610 2 0 |a trh kapitálový